|
|
|
|
| LEADER |
00000nab a2200000 a 4500 |
| 001 |
vtls000250478 |
| 003 |
SK-MaSNL |
| 005 |
20260304014054.0 |
| 008 |
241209c1986 xo 0 slo |
| 015 |
|
|
|a SNBRB19rr/mm-uuuuu
|
| 035 |
|
|
|a CL0260592
|
| 040 |
|
|
|a SNKBUCL
|b slo
|c SNKBUCL
|e AACR2
|
| 041 |
0 |
|
|a slo
|
| 044 |
|
|
|a xo
|c SK
|
| 080 |
|
|
|a 885.4-1
|2 1981
|
| 100 |
1 |
|
|a Rúfus, Milan,
|d 1928-2009
|4 aut
|9 108568
|
| 245 |
1 |
0 |
|a Jarná báseň
|b Úryvok
|c Milan Rúfus
|
| 300 |
|
|
|b Fot. 3.
|
| 655 |
|
7 |
|a slovenská poézia
|2 snkbucl
|9 70444
|
| 655 |
|
7 |
|a články z novín a časopisov
|2 snkbucl
|9 267496
|
| 655 |
|
7 |
|a články z odboru literárna veda a krásna literatúra
|2 snkbucl
|9 770045
|
| 700 |
1 |
|
|a Sláma, Ivan
|4 ill
|9 944922
|
| 773 |
0 |
|
|t Slovenka
|g Roč. 38, č. 20 (1986), s. 22
|
| 850 |
|
|
|a Slovenská národná knižnica
|
| 852 |
|
|
|a Slovenská národná knižnica
|
| 958 |
|
|
|a RK
|
| 958 |
|
|
|a LX
|
| 992 |
|
|
|a RBX
|
| 999 |
|
|
|c 2580997
|d 2582927
|